| 000 -LEADER |
| fixed length control field |
00250nam a2200109Ia 4500 |
| 008 - FIXED-LENGTH DATA ELEMENTS--GENERAL INFORMATION |
| fixed length control field |
181205s9999||||xx |||||||||||||| ||und|| |
| 082 ## - DEWEY DECIMAL CLASSIFICATION NUMBER |
| Classification number |
348 |
| Item number |
TAX/T |
| 100 ## - MAIN ENTRY--PERSONAL NAME |
| Personal name |
Taxmann |
| 245 #0 - TITLE STATEMENT |
| Title |
Taxman's Tax Reports |
| 260 ## - PUBLICATION, DISTRIBUTION, ETC. |
| Place of publication, distribution, etc. |
Delhi |
| Name of publisher, distributor, etc. |
Taxmann |
| Date of publication, distribution, etc. |
1989 |
| 942 ## - ADDED ENTRY ELEMENTS (KOHA) |
| Koha item type |
Book |